02094nam a22002177a 4500001001900000008004100019020001800060040000800078050001300086100003200099245008400131260002500215300001400240520076000254520067501014655002501689942000801714949003801722952010101760999001501861991107430586306196241120s2024 xx ||||||fre d a9782898331398 ctbs 4aPQ3919.2 aPleau, Jean-Philippe92494410aRue Duplessis b: Ma Petite Noirceur : roman (mettons) c/ Jean-Philippe Pleau. aMontrealbLuxc2024. a239 pages aNé d’un père analphabète et d’une mère peu scolarisée, Jean-Philippe Pleau a grandi à Drummondville, rue Duplessis, dans une famille ouvrière. Les circonstances de sa vie lui ont cependant permis de poursuivre des études universitaires en sociologie et de devenir animateur de radio. Il est aujourd’hui étranger au monde d’où il vient, sans vraiment appartenir à celui dans lequel il a abouti. Rue Duplessis est l’histoire de cette déchirure sociale. Un récit émouvant où Jean-Philippe Pleau raconte sa migration intérieure, parfois violente, souvent étonnante, jamais banale. Le roman d’une vie qui se lit comme une lettre d’amour adressée à ses parents: un amour séparé par une distance de classe. aBorn to an illiterate father and a mother with little formal education, Jean-Philippe Pleau grew up in Drummondville, on Duplessis Street, in a working-class family. However, the circumstances of his life allowed him to pursue university studies in sociology and become a radio host. Today, he is a stranger to the world he came from, without truly belonging to the one he has entered. Rue Duplessis is the story of this social rupture—an emotional narrative in which Jean-Philippe Pleau recounts his inner migration: sometimes violent, often surprising, never ordinary. A life story that reads like a love letter to his parents—a love divided by class differences. 0aFrench novels923601 2lcc wLCi31761118981836lROBARTStBook 00102lcc4070aTBSbTBSd2025-03-20l0oP-FR PLEr2025-03-20t1w2025-03-20y1zSOON AVAILABLE c4549d4549